000 00780aab a2200205 i 4500
001 768714001
003 CO-MdFUSB
005 20240422092150.0
008 240417t1986 ag ||||| |||| 00| 0 spa d
040 _bspa
_cCO-MdFUSB
041 _aspa
100 1 _aEllul, Jacques (1912- )
_eautor
245 _aLech Walesa y la fuerza social del cristianismo
_c/ Jacques Ellul
300 _aVolumen 5, número 1, (marzo, 1986), páginas: 6 - 11
_c; 27 cm
520 _aArtículo sobre Lech Walesa, analizando la dimensión de su acción y de sus motivaciones.
650 7 _aClero --
_bActividad política
_941
650 0 _aCristianismo y política
_91250
773 0 _tIglesia y Misión
_049402
_959679
_gVolumen 5, número 1, (marzo, 1986), páginas: 6 - 11
_qpágina: 6
942 _cANA
999 _c51642
_d51642